000 00418nam a2200169Ia 4500
008 230524s9999 xx 000 0 und d
020 _a8121923883
082 _a4
_bNAG
100 _aD P nagpal
245 0 _aComputer Fundamentals : Concepts Systems Applications
250 _a3RD
260 _aNEW DELHI
_bS.Chand
_c2008
300 _aIX;514
500 _aQuantity Number: 9
650 _aComp-Sc
942 _cBK
999 _c41402
_d41402